[Event "SVK-ch Rapid"]
[Site "Podbanske"]
[Date "2023.10.01"]
[Round "9"]
[White "Mudrak, Josef"]
[Black "Pasti, Zsombor"]
[Result "0-1"]
[WhiteElo "2216"]
[BlackElo "2043"]
[PlyCount "104"]
[EventDate "2023.09.30"]
[EventType "tourn (rapid)"]
[EventRounds "10"]
[EventCountry "SVK"]
[SourceTitle "EXT 2024"]
[Source "ChessBase"]
[SourceDate "2023.10.10"]
[SourceVersion "1"]
[SourceVersionDate "2023.10.10"]
[SourceQuality "1"]

1. d4 d5 2. Nf3 Nf6 3. g3 e6 4. Bg2 Be7 5. 0-0 0-0 6. c4 dxc4 7. a4 c6 8. Qc2 b5 9. Ne5 Nd5 10. b3 cxb3 11. Qxb3 b4 12. Bb2 Bb7 13. Rd1 Nd7 14. e4 N5f6 15. a5 a6 16. Nd2 Qc7 17. Ndc4 Rab8 18. Rac1 c5 19. d5 exd5 20. exd5 Bd6 21. Nxd6 Qxd6 22. f4 Rbc8 23. Nc4 Qb8 24. Bh3 Rcd8 25. d6 Ba8 26. Rc2 Qb5 27. Bf1 Qb8 28. Ne5 Qa7 29. Qc4 Bd5 30. Qxa6 Qxa6 31. Bxa6 Bb3 32. Rdc1 Bxc2 33. Rxc2 Ra8 34. Bb5 Rfd8 35. a6 h6 36. Nc6 Re8 37. Ne5 Red8 38. Nc6 Re8 39. Ne5 Red8 40. Kg2 Nb8 41. Bc4 Ra7 42. Nxf7 Rxf7 43. Be5 Nc6 44. Bd5 Nxd5 45. Rxc5 Nxe5 46. fxe5 Ne3+ 47. Kh3 Rf5 48. g4 Rf3+ 49. Kh4 Kh7 50. g5 hxg5+ 51. Kh5 Rf5 52. e6 g6# 0-1

[Event "SVK-ch Rapid"]
[Site "Podbanske"]
[Date "2023.10.01"]
[Round "10"]
[White "Pasti, Zsombor"]
[Black "Turcan, Richard"]
[Result "0-1"]
[WhiteElo "2043"]
[BlackElo "2402"]
[PlyCount "70"]
[EventDate "2023.09.30"]
[EventType "tourn (rapid)"]
[EventRounds "10"]
[EventCountry "SVK"]
[SourceTitle "EXT 2024"]
[Source "ChessBase"]
[SourceDate "2023.10.10"]
[SourceVersion "1"]
[SourceVersionDate "2023.10.10"]
[SourceQuality "1"]

1. e4 c5 2. d4 cxd4 3. c3 Nf6 4. e5 Nd5 5. cxd4 Nc6 6. Nc3 Nxc3 7. bxc3 d6 8. exd6 Qxd6 9. Nf3 g6 10. Bc4 Bg7 11. 0-0 0-0 12. Rb1 Na5 13. Bd3 Be6 14. Qa4 Qc7 15. Be4 Rac8 16. Bd2 b6 17. g3 Qc4 18. Qxc4 Bxc4 19. Rfe1 Bxa2 20. Ra1 Bc4 21. Bc2 e6 22. Ne5 Bd5 23. Rec1 Bxe5 24. dxe5 Rfd8 25. Ba4 Bb3 26. Bg5 Rd5 27. Bf6 b5 28. c4 bxc4 29. Ra3 Bxa4 30. Rxa4 c3 31. Rb4 Rdc5 32. Be7 Rc4 33. Rb5 Nc6 34. Bf6 Nd4 35. Rb7 Ne2+ 0-1

[Event "Bratislava exe op"]
[Site "Bratislava"]
[Date "2023.09.15"]
[Round "1"]
[White "Pasti, Zsombor"]
[Black "Mendelova, Adela"]
[Result "1-0"]
[WhiteElo "2041"]
[BlackElo "1367"]
[PlyCount "95"]
[EventDate "2023.09.15"]
[EventType "swiss"]
[EventRounds "9"]
[EventCountry "SVK"]
[SourceTitle "EXT 2024"]
[Source "ChessBase"]
[SourceDate "2023.10.10"]
[SourceVersion "1"]
[SourceVersionDate "2023.10.10"]
[SourceQuality "1"]

1. e4 e5 2. Nf3 Nc6 3. d4 exd4 4. c3 dxc3 5. Nxc3 Bb4 6. Bc4 Nf6 7. e5 Qe7 8. 0-0 Bxc3 9. exf6 Qxf6 10. bxc3 0-0 11. Qc2 d6 12. Ng5 Bf5 13. Bd3 Bxd3 14. Qxd3 Qg6 15. Qxg6 hxg6 16. Rb1 b6 17. Re1 Ne5 18. Nf3 Nxf3+ 19. gxf3 Rfe8 20. Bf4 f6 21. Kf1 g5 22. Bd2 Kf7 23. Rb4 Rxe1+ 24. Bxe1 Rh8 25. Kg2 Re8 26. Re4 Re5 27. Rxe5 dxe5 28. Kg3 Ke6 29. Kg4 g6 30. c4 Kd6 31. Bb4+ c5 32. Bd2 Ke6 33. a4 a5 34. Be3 Kf7 35. h4 gxh4 36. f4 Ke6 37. f3 h3 38. Kxh3 Kf5 39. Kg3 e4 40. Bd2 exf3 41. Kxf3 g5 42. fxg5 fxg5 43. Be1 Ke5 44. Ke3 Kf5 45. Bg3 Kg4 46. Bc7 Kh3 47. Bxb6 g4 48. Bxc5 1-0

[Event "Skalica op-A"]
[Site "Skalica"]
[Date "2023.08.27"]
[Round "9"]
[White "Pasti, Zsombor"]
[Black "Ivekovic, Tihana"]
[Result "1-0"]
[WhiteElo "2020"]
[BlackElo "2117"]
[PlyCount "47"]
[EventDate "2023.08.19"]
[EventType "swiss"]
[EventRounds "9"]
[EventCountry "SVK"]
[SourceTitle "CBM 215 Extra"]
[Source "ChessBase"]
[SourceDate "2023.09.30"]
[SourceVersion "1"]
[SourceVersionDate "2023.09.30"]
[SourceQuality "1"]

1. e4 e5 2. Nf3 Nc6 3. d4 exd4 4. Bc4 Nf6 5. e5 Ne4 6. 0-0 Be7 7. Re1 Nc5 8. Nxd4 Nxd4 9. Qxd4 0-0 10. Nc3 d6 11. Nd5 Re8 12. exd6 Bxd6 13. Bg5 Rxe1+ 14. Rxe1 Qf8 15. Be7 Qe8 16. Nf6+ gxf6 17. Qxf6 Ne6 18. Re4 h5 19. Bxe6 fxe6 20. Bxd6 cxd6 21. Qg5+ Kh7 22. Rh4 Qg6 23. Rxh5+ Kg7 24. Qe7+ 1-0

[Event "Skalica op-A"]
[Site "Skalica"]
[Date "2023.08.19"]
[Round "1"]
[White "Pasti, Zsombor"]
[Black "Pasti, Aron"]
[Result "0-1"]
[WhiteElo "2020"]
[BlackElo "2354"]
[PlyCount "58"]
[EventDate "2023.08.19"]
[EventType "swiss"]
[EventRounds "9"]
[EventCountry "SVK"]
[SourceTitle "CBM 215 Extra"]
[Source "ChessBase"]
[SourceDate "2023.09.30"]
[SourceVersion "1"]
[SourceVersionDate "2023.09.30"]
[SourceQuality "1"]

1. d4 Nf6 2. c4 e6 3. Nc3 d5 4. Bg5 Be7 5. Nf3 dxc4 6. e4 a6 7. e5 Nd5 8. Bxe7 Nxe7 9. Bxc4 b5 10. Bd3 Bb7 11. Be4 Bxe4 12. Nxe4 Qd5 13. Qc2 Nbc6 14. 0-0 Nxd4 15. Nxd4 Qxd4 16. Rad1 Qxe5 17. f4 Qf5 18. Qxc7 0-0 19. Nd6 Qf6 20. Ne4 Qg6 21. Qxe7 Qxe4 22. Rd7 Rac8 23. Rfd1 Qe3+ 24. Kh1 Qxf4 25. h3 g6 26. Qa3 Rc2 27. Qxa6 Rxb2 28. Qc6 Qc4 29. Qb7 Rxa2 0-1

[Event "Timisoara Foisor Memorial Rapid"]
[Site "Timisoara"]
[Date "2023.08.06"]
[Round "5"]
[White "Bodiroga, Predrag"]
[Black "Pasti, Zsombor"]
[Result "1-0"]
[WhiteElo "2287"]
[BlackElo "2013"]
[PlyCount "54"]
[EventDate "2023.08.05"]
[EventType "swiss (rapid)"]
[EventRounds "10"]
[EventCountry "ROU"]
[SourceTitle "EXT 2024"]
[Source "ChessBase"]
[SourceDate "2023.10.10"]
[SourceVersion "1"]
[SourceVersionDate "2023.10.10"]
[SourceQuality "1"]

1. d4 d5 2. Nf3 Nf6 3. c4 e6 4. Nc3 Be7 5. Qc2 c6 6. e3 0-0 7. b3 Nbd7 8. Bd3 Re8 9. 0-0 Bd6 10. Bb2 Qc7 11. Rac1 h6 12. Rfe1 b6 13. e4 dxe4 14. Nxe4 Nxe4 15. Bxe4 Nf6 16. Bd3 Bb7 17. c5 Bf8 18. Ne5 Nd5 19. Qd1 Rad8 20. Qf3 Nf6 21. h3 b5 22. Rc2 Qe7 23. Rce2 g5 24. Bb1 Bg7 25. g3 Nd7 26. Nxc6 Bxc6 27. Qxc6 Nb8 1-0

[Event "Piestany op-A"]
[Site "Piestany"]
[Date "2023.07.15"]
[Round "5"]
[White "Pasti, Zsombor"]
[Black "Rakesh, Kumar Jena"]
[Result "0-1"]
[WhiteElo "1942"]
[BlackElo "2320"]
[PlyCount "52"]
[EventDate "2023.07.11"]
[EventType "swiss"]
[EventRounds "9"]
[EventCountry "SVK"]
[SourceTitle "EXT 2024"]
[Source "ChessBase"]
[SourceDate "2023.10.10"]
[SourceVersion "1"]
[SourceVersionDate "2023.10.10"]
[SourceQuality "1"]

1. e4 d6 2. d4 g6 3. Nc3 Bg7 4. f4 Nf6 5. Nf3 c5 6. d5 0-0 7. Bd3 e6 8. 0-0 exd5 9. exd5 Qc7 10. Re1 a6 11. a4 b6 12. h3 Bb7 13. Bf1 Nbd7 14. g4 Rfe8 15. g5 Nh5 16. f5 Rxe1 17. Nxe1 Bd4+ 18. Kg2 Re8 19. Nf3 Bxc3 20. bxc3 c4 21. Qd4 Nc5 22. f6 Re4 23. Qd1 Qd7 24. Nd2 Re5 25. Nxc4 Rxd5 26. Qg4 Rxg5+ 0-1

[Event "Piestany op-A"]
[Site "Piestany"]
[Date "2023.07.13"]
[Round "3"]
[White "Pasti, Zsombor"]
[Black "Rudzinska, Michalina"]
[Result "0-1"]
[WhiteElo "1942"]
[BlackElo "2257"]
[PlyCount "58"]
[EventDate "2023.07.11"]
[EventType "swiss"]
[EventRounds "9"]
[EventCountry "SVK"]
[SourceTitle "EXT 2024"]
[Source "ChessBase"]
[SourceDate "2023.10.10"]
[SourceVersion "1"]
[SourceVersionDate "2023.10.10"]
[SourceQuality "1"]

1. e4 c6 2. d4 d5 3. exd5 cxd5 4. Bd3 Nf6 5. c3 Bg4 6. Qb3 Qc7 7. h3 Bh5 8. g4 Bg6 9. g5 Bxd3 10. gxf6 exf6 11. Ne2 Nc6 12. Be3 0-0-0 13. Nd2 Bxe2 14. Kxe2 f5 15. f4 g6 16. Rae1 Bh6 17. Rhf1 Rhe8 18. Kd1 Re6 19. Rf3 Na5 20. Qa4 Rde8 21. Kc2 a6 22. Kd3 b5 23. Qa3 g5 24. fxg5 Nc4 25. Nxc4 dxc4+ 26. Kc2 Bf8 27. b4 Qc6 28. Ref1 Rxe3 29. Rxf5 Qe4+ 0-1

[Event "Arco op 44th"]
[Site "Arco"]
[Date "2022.10.10"]
[Round "3"]
[White "Pasti, Zsombor"]
[Black "Kellner, Nikolaus"]
[Result "1-0"]
[WhiteElo "1884"]
[BlackElo "1678"]
[PlyCount "51"]
[EventDate "2022.10.08"]
[EventType "swiss"]
[EventRounds "9"]
[EventCountry "ITA"]
[SourceTitle "CBM 210 Extra"]
[Source "ChessBase"]
[SourceDate "2022.11.30"]
[SourceVersion "1"]
[SourceVersionDate "2022.11.30"]
[SourceQuality "1"]

1. e4 d5 2. exd5 Nf6 3. d4 Bg4 4. f3 Bf5 5. g4 Bg6 6. c4 e6 7. Nc3 exd5 8. g5 Nh5 9. f4 c5 10. f5 cxd4 11. Nxd5 Bb4+ 12. Nxb4 Qe7+ 13. Qe2 Bxf5 14. Nd5 Qe4 15. Bg2 Qxe2+ 16. Nxe2 d3 17. Nd4 Kd7 18. Nxf5 Re8+ 19. Kd2 Re2+ 20. Kxd3 Rxg2 21. Bd2 Nc6 22. Rag1 Ne5+ 23. Kc3 Rf2 24. Rf1 Rg2 25. Nf4 Rxg5 26. Nd3 1-0

[Event "Novi Sad Serbia op-B"]
[Site "Novi Sad"]
[Date "2022.06.30"]
[Round "3"]
[White "Pasti, Zsombor"]
[Black "Bulajic, Ratko"]
[Result "0-1"]
[WhiteElo "1803"]
[BlackElo "1979"]
[PlyCount "52"]
[EventDate "2022.06.28"]
[EventType "swiss"]
[EventRounds "9"]
[EventCountry "SRB"]
[SourceTitle "EXT 2023"]
[Source "ChessBase"]
[SourceDate "2022.10.05"]
[SourceVersion "1"]
[SourceVersionDate "2022.10.05"]
[SourceQuality "1"]

1. e4 c5 2. Nf3 d6 3. d4 cxd4 4. Nxd4 Nf6 5. Nc3 a6 6. Bg5 e6 7. f4 Nbd7 8. Qf3 Qc7 9. 0-0-0 b5 10. Be2 Bb7 11. a3 Rc8 12. Rd2 d5 13. e5 Ne4 14. Nxe4 dxe4 15. Qh3 Bd5 16. Rhd1 Bc5 17. Nf5 exf5 18. Rxd5 Be3+ 19. Kb1 Qxc2+ 20. Ka1 Bc1 21. Rxc1 Qxc1+ 22. Ka2 Nb6 23. Rd1 Qc2 24. Qxf5 0-0 25. Qg4 Na4 26. Rb1 Nc3+ 0-1

[Event "Targu Mures op 3rd"]
[Site "Targu Mures"]
[Date "2022.06.05"]
[Round "2"]
[White "Voiteanu, Christian Gabriel"]
[Black "Pasti, Zsombor"]
[Result "1-0"]
[WhiteElo "2189"]
[BlackElo "1803"]
[PlyCount "62"]
[EventDate "2022.06.05"]
[EventType "swiss"]
[EventRounds "9"]
[EventCountry "ROU"]
[SourceTitle "EXT 2024"]
[Source "ChessBase"]
[SourceDate "2023.10.10"]
[SourceVersion "1"]
[SourceVersionDate "2023.10.10"]
[SourceQuality "1"]

1. d4 d5 2. c4 e6 3. Nf3 Nf6 4. g3 Be7 5. Bg2 0-0 6. 0-0 c6 7. Nc3 Nbd7 8. Nd2 b6 9. e4 Ba6 10. e5 Ne8 11. Qa4 Bxc4 12. Nxc4 b5 13. Qa6 bxc4 14. Qxc6 Nb6 15. Qb5 a5 16. b3 Bb4 17. Bd2 Rb8 18. a3 cxb3 19. axb4 Nc4 20. Bg5 f6 21. Qc6 Nc7 22. exf6 gxf6 23. Bf4 e5 24. Nxd5 b2 25. Rab1 Nb5 26. Qxc4 Na3 27. Nxf6+ Kh8 28. Qd3 Rxf6 29. Bxe5 Nxb1 30. Rxb1 Rxb4 31. Qc3 Kg8 1-0

[Event "Novi Sad Put Svile Schev 3rd"]
[Site "Novi Sad"]
[Date "2021.08.04"]
[Round "7.1"]
[White "Dimitrijevic, Nenad"]
[Black "Pasti, Zsombor"]
[Result "1-0"]
[WhiteElo "2186"]
[BlackElo "1625"]
[PlyCount "89"]
[EventDate "2021.08.01"]
[EventType "schev"]
[EventRounds "9"]
[EventCountry "SRB"]
[SourceTitle "EXT 2022"]
[Source "ChessBase"]
[SourceDate "2021.10.06"]
[SourceVersion "1"]
[SourceVersionDate "2021.10.06"]
[SourceQuality "1"]
[WhiteTeam "Team A"]
[BlackTeam "Team B"]
[WhiteTeamCountry "SRB"]
[BlackTeamCountry "SRB"]

1. e4 e5 2. Nf3 Nc6 3. Bb5 a6 4. Bxc6 dxc6 5. d3 Bg4 6. h3 Bxf3 7. Qxf3 Nf6 8. 0-0 Be7 9. Nd2 0-0 10. Nc4 Nd7 11. Qg3 Bf6 12. f4 b5 13. Nxe5 Nxe5 14. fxe5 Qd4+ 15. Be3 Bxe5 16. Bxd4 Bxg3 17. Rf5 Bd6 18. a4 h6 19. g4 Be7 20. b3 Rfe8 21. Kg2 Red8 22. Be5 Rac8 23. axb5 f6 24. Bh2 axb5 25. Ra6 g6 26. Rf1 c5 27. Rc6 Rf8 28. e5 fxe5 29. Rxg6+ Kh7 30. Rc6 Bd6 31. Bg1 h5 32. Rxf8 Rxf8 33. Bxc5 hxg4 34. hxg4 Rd8 35. Kf3 Kg6 36. Bxd6 cxd6 37. Ke4 Kf6 38. Kd5 Ke7 39. Rc7+ Kf6 40. Rc6 Ke7 41. c4 bxc4 42. bxc4 Rg8 43. Rxd6 Rg5 44. Re6+ Kd7 45. Rxe5 1-0

[Event "Novi Sad Put Svile Schev 3rd"]
[Site "Novi Sad"]
[Date "2021.08.04"]
[Round "6.1"]
[White "Pasti, Zsombor"]
[Black "Mikalacki, Sinisa"]
[Result "1-0"]
[WhiteElo "1625"]
[BlackElo "1706"]
[PlyCount "63"]
[EventDate "2021.08.01"]
[EventType "schev"]
[EventRounds "9"]
[EventCountry "SRB"]
[SourceTitle "EXT 2022"]
[Source "ChessBase"]
[SourceDate "2021.10.06"]
[SourceVersion "1"]
[SourceVersionDate "2021.10.06"]
[SourceQuality "1"]
[WhiteTeam "Team B"]
[BlackTeam "Team A"]
[WhiteTeamCountry "SRB"]
[BlackTeamCountry "SRB"]

1. e4 d5 2. exd5 Nf6 3. Nc3 Nxd5 4. Bc4 e6 5. d4 c6 6. Nf3 Be7 7. 0-0 0-0 8. Qe2 c5 9. Rd1 cxd4 10. Nxd5 exd5 11. Bb3 Nc6 12. Nxd4 Re8 13. Nf3 Bc5 14. Qd3 Ne7 15. Be3 Bf5 16. Qd2 Bb6 17. Nd4 Bxd4 18. Bxd4 Qd6 19. c3 a5 20. a4 Qg6 21. Re1 Qd6 22. Re5 Rac8 23. f3 f6 24. Re2 Bg6 25. Bf2 Bf7 26. Rae1 Rcd8 27. Qd3 Nc8 28. Rxe8+ Bxe8 29. Qxd5+ Qxd5 30. Bxd5+ Rxd5 31. Rxe8+ Kf7 32. Rxc8 1-0

[Event "HUN-ch U10"]
[Site "Balatonlelle"]
[Date "2019.06.22"]
[Round "2"]
[White "Pasti, Zsombor"]
[Black "Toth, Barnabas1111"]
[Result "1/2-1/2"]
[WhiteElo "1641"]
[BlackElo "1363"]
[PlyCount "105"]
[EventDate "2019.06.21"]
[EventType "swiss"]
[EventRounds "9"]
[EventCountry "HUN"]
[SourceTitle "CBM 191 Extra"]
[Source "ChessBase"]
[SourceDate "2019.09.30"]
[SourceVersion "1"]
[SourceVersionDate "2019.09.30"]
[SourceQuality "1"]

1. d4 Nf6 2. c4 c5 3. e3 g6 4. Nc3 cxd4 5. exd4 d6 6. Nf3 Bg7 7. Be2 0-0 8. 0-0 Bf5 9. Be3 d5 10. Qb3 Qc7 11. cxd5 Nbd7 12. Rac1 Qb6 13. Qa3 Rfe8 14. Nb5 Nxd5 15. Bc4 N7f6 16. Bg5 a6 17. Bxf6 axb5 18. Ne5 Rxa3 19. Bxd5 Bxf6 20. Bxf7+ Kf8 21. Bxe8 Kxe8 22. bxa3 Bxe5 23. dxe5 Kf7 24. Rfe1 Be6 25. Rc3 Qd4 26. Rf3+ Kg7 27. h3 Qd2 28. Rb1 Qd7 29. Rc1 Bc4 30. Rfc3 Qd5 31. a4 Qxe5 32. axb5 Bxa2 33. Re3 Qd6 34. b6 Be6 35. Rce1 Kf7 36. Rxe6 Qxe6 37. Rxe6 Kxe6 38. Kh2 Kd6 39. Kg3 h6 40. Kg4 Kc6 41. h4 e6 42. f4 Kxb6 43. h5 gxh5+ 44. Kxh5 Kc6 45. Kxh6 b5 46. g4 b4 47. g5 b3 48. g6 b2 49. g7 b1Q 50. g8Q Qh1+ 51. Kg7 Qg2+ 52. Kf8 Qxg8+ 53. Kxg8 1/2-1/2

[Event "EU Union-ch U10"]
[Site "Kouty nad Desnou"]
[Date "2018.08.08"]
[Round "2"]
[White "Pasti, Zsombor"]
[Black "Radu, David Cr"]
[Result "0-1"]
[WhiteElo "1371"]
[BlackElo "1678"]
[PlyCount "86"]
[EventDate "2018.08.07"]
[EventType "swiss"]
[EventRounds "9"]
[EventCountry "CZE"]
[SourceTitle "CBM 186 Extra"]
[Source "ChessBase"]
[SourceDate "2018.08.24"]
[SourceVersion "1"]
[SourceVersionDate "2018.08.24"]
[SourceQuality "1"]

1. e4 c5 2. Nf3 d6 3. c3 e5 4. d4 cxd4 5. cxd4 Bg4 6. Bb5+ Bd7 7. Bxd7+ Nxd7 8. Qb3 Qc7 9. Nc3 Ngf6 10. Ng5 Nb6 11. dxe5 dxe5 12. 0-0 Qc4 13. Qb5+ Nfd7 14. Qxc4 Nxc4 15. Nb5 Bd6 16. b3 a6 17. Nxd6+ Nxd6 18. Rd1 h6 19. Rxd6 hxg5 20. Bxg5 f6 21. Be3 Ke7 22. Rad1 Rhd8 23. b4 Rac8 24. Bc5 Nxc5 25. bxc5 Rxd6 26. cxd6+ Kd7 27. h3 Rc6 28. Rb1 b5 29. Rb3 Kxd6 30. Kh2 Rb6 31. Rg3 g5 32. Rf3 Kc5 33. g3 Kd4 34. Re3 b4 35. Rb3 Kxe4 36. a3 a5 37. h4 a4 38. f3+ Kd4 39. Rb1 b3 40. h5 Kc3 41. h6 f5 42. h7 Rh6+ 43. Kg2 Rxh7 0-1